[Event "Tbilisi Municipality Cup"]
[Site "Tbilisi"]
[Date "2009.06.20"]
[Round "6"]
[White "Charkhalashvili, Inga"]
[Black "Kerashvili, Giorgi"]
[Result "1-0"]
[WhiteElo "2363"]
[BlackElo "2033"]
[PlyCount "75"]
[EventDate "2009.06.15"]
[EventType "swiss"]
[EventRounds "9"]
[EventCountry "GEO"]
[SourceTitle "CBM 130 Extra"]
[Source "ChessBase"]
[SourceDate "2009.07.02"]
[SourceVersion "2"]
[SourceVersionDate "2009.07.15"]
[SourceQuality "1"]

1. d4 e6 2. c4 Nf6 3. Nf3 b6 4. g3 Ba6 5. b3 Bb4+ 6. Bd2 Be7 7. Bg2 c6 8. 0-0 d5 9. Bc3 Nbd7 10. Nbd2 Rc8 11. Bb2 0-0 12. Re1 c5 13. Rc1 Bb7 14. cxd5 exd5 15. Ne5 Re8 16. e3 Bd6 17. Ndc4 Bb8 18. Nxd7 Nxd7 19. dxc5 Nxc5 20. Qg4 f6 21. Red1 Ne4 22. Na3 Rxc1 23. Rxc1 Qe7 24. Nc2 Bd6 25. Rd1 Bc5 26. Qe2 Rc8 27. Nd4 Bb4 28. Nf5 Qf7 29. h4 Kh8 30. h5 Qe6 31. Qg4 Rf8 32. Bxe4 Qxe4 33. Qxe4 dxe4 34. Rd7 Rb8 35. h6 gxh6 36. Bxf6+ Kg8 37. Be5 Re8 38. Bg7 1-0